Estándares curriculares de contenido y desempeño. Historia y geografía. Primaria. Tercer ciclo (5to. y 6to. Grados).

Guardado en:
書目詳細資料
企業作者: Servicios Integrales de Evaluación y Medición Educativas
格式: 圖書
語言:西班牙语
主題:
標簽: 添加標簽
沒有標簽, 成為第一個標記此記錄!

MARC

LEADER 00000nam^a2200000^u^4500
001 000508238
005 20250521000000.0
008 090708s1000^^^^^^^^^^^^r^^^^^000^0^spa^d
009 20260526151301.598
035 |a FCE 000052445 
037 |a Acervo ITESO - Biblioteca 
041 |a spa 
082 0 4 |a 370.1440212  |b ECCD HIS-GEO-PRI Grados 5-6 
110 |a Servicios Integrales de Evaluación y Medición Educativas 
245 1 0 |a Estándares curriculares de contenido y desempeño.  |b Historia y geografía. Primaria. Tercer ciclo (5to. y 6to. Grados). 
264 |a México:  |b SIEME: CEE: Heurística Educativa,  |c 2008. 
300 |a 17 p. 
336 |a texto  |b txt  |2 rdacontenido 
337 |a sin mediación  |b n  |2 rdamedio 
338 |a volumen  |b nc  |2 rdasoporte 
649 |a XX 
650 |a Historia 
650 |a Educación básica 
650 |a Geografía 
650 |a Currículo 
650 |a Mejora de la educación 
650 |a Desempeño del estudiante 
650 |a Normas 
650 |a México 
910 |a Fondo Centro de Estudios Educativos 
920 |a Impresos - Libros 
930 |a Fondos Especiales 
905 |a 133 
901 |a ALE066802  |b IT2  |c CEE  |u 20250521 
901 |a ALE067438  |b IT2  |c CEE  |u 20250521 
901 |a ALE067439  |b IT2  |c CEE  |u 20250521 
902 |a https://opac.biblio.iteso.mx/vufind/Record/000508238